00892nam a2200253Ia 450000500170000000800410001702000150005810000300007324500680010325000190017130000420019049000310023265000510026365000510031465000340036565000370039970000300043626400380046633600270050433700330053133800280056404000350059208400110062720220317000709.0160601s2004 ag a g 000 0 spa  a95007242941 aMainé, Margaritad1960-10aLluvia de plata cMargarita Mainé ; ilustraciones Silvia Mato a1a. edición  a94 páginas bilustraciones c22 cm  aLa pluma del gatopJuvenil142LEMBaCuentos infantiles argentinos ySiglo XX142LEMBaLiteratura infantil argentina ySiglo XX142LEMBaHumor en la literatura 142LEMBaNoticias en la literatura 1 aMato, Silviaeilustrador  aBuenos Aires bSudamericanac2004 atextobtxt2rdacontent asin mediaciónbn2rdamedia avolumenbnc2rdacarrier aCO-BoRNBPbspaerdacCO-BoRNBP aC MAI2